MARC

LEADER 00000nam0a2200000 4500
001 356616
005 20231102010918.0
035 |a (RuTPU)RU\TPU\retro\13876 
090 |a 356616 
100 |a 20200722d1977 km y0rusy50 ca 
101 0 |a rus 
102 |a RU 
105 |a a z 001zy 
200 1 |a Методологические проблемы научного познания  |f Академия наук СССР, Сибирское отделение, Институт истории, филологии и философии ; под ред. А. П. Окладникова 
210 |a Новосибирск  |c Наука  |d 1977 
215 |a 342 с.  |c ил. 
320 |a Библиография в ссылках 
606 1 |a Научное познание  |x Методология  |x Методы  |2 stltpush  |3 (RuTPU)RU\TPU\subj\45130  |9 64392 
610 1 |a математика 
610 1 |a логическое познание 
610 1 |a физические науки 
610 1 |a геофизика 
610 1 |a естественнонаучное мышление 
610 1 |a естественнонаучное познание 
610 1 |a геология 
610 1 |a биологические науки 
686 |a Ю223  |v LBC/SL-A  |2 rubbk 
702 1 |a Окладников  |b А. П.  |4 340 
712 0 2 |a Академия наук СССР  |b Сибирское отделение  |b Институт истории, филологии и философии  |c (Новосибирск)  |2 stltpush  |3 (RuTPU)RU\TPU\col\11501  |9 25136 
801 1 |a RU  |b 63413507  |c 20200722 
801 2 |a RU  |b 63413507  |c 20210128  |g RCR 
942 |c BK